Alphabetical Alphabetical US States - Statistics

General Stats
  • This quiz has been taken 35 times
  • The average score is 10 of 50
Answers on the Map
Answers color-coded by a green-red scale on the quiz's map according to % correct below.
 
Answer Stats
State % Correct
AAAABLM (Alabama)
96%
AAAKLS (Alaska)
88%
AAAKNRSS (Arkansas)
79%
AACFIILNOR (California)
46%
IIILLNOS (Illinois)
42%
AAHIIW (Hawaii)
38%
IIIIMPPSSSS (Mississippi)
38%
CCCEINNOTTU (Connecticut)
33%
AABEKNRS (Nebraska)
25%
AADEELRW (Delaware)
25%
AADIINN (Indiana)
25%
AAKNSS (Kansas)
25%
EEEJNRSWY (New Jersey)
25%
HIOO (Ohio)
25%
AADLMNRY (Maryland)
21%
AAIILNOSU (Louisiana)
21%
AAINORZ (Arizona)
21%
AACEHMSSSSTTU (Massachusetts)
17%
AADENV (Nevada)
17%
ADFILOR (Florida)
17%
ADHIO (Idaho)
17%
AEIMN (Maine)
17%
AIOW (Iowa)
17%
EKNORWY (New York)
17%
AAEILNNNPSVY (Pennsylvania)
13%
AAHKLMOO (Oklahoma)
13%
ACDLOOOR (Colorado)
13%
AEGGIOR (Georgia)
13%
AESTX (Texas)
13%
EEEENNSST (Tennessee)
13%
EGNOOR (Oregon)
13%
GIMNOWY (Wyoming)
13%
IIMORSSU (Missouri)
13%
AACHILNNOORRT (North Carolina)
8%
AACHILNOORSTU (South Carolina)
8%
AAMNNOT (Montana)
8%
ACGHIIMN (Michigan)
8%
AEIMNNOST (Minnesota)
8%
AGHINNOSTW (Washington)
8%
AHTU (Utah)
8%
CEEIMNOWX (New Mexico)
8%
EMNORTV (Vermont)
8%
AADHKNOORTT (North Dakota)
4%
AADHKOOSTTU (South Dakota)
4%
ADDEHILNORS (Rhode Island)
4%
AEEHHIMNPRSW (New Hampshire)
4%
AGIIINRV (Virginia)
4%
CEKKNTUY (Kentucky)
4%
CIINNOSSW (Wisconsin)
4%
AEGIIINRSTVW (West Virginia)
0%
No matching quizzes found
Score Distribution
Percent of People with Each Score
Percentile by Number Answered
Your Score History
You have not taken this quiz